| 000 | 004880000a22001930004500 | ||
|---|---|---|---|
| 999 |
_c48918 _d48918 |
||
| 001 | 1760 | ||
| 003 | CO-MdFUSB | ||
| 005 | 20180301153954.0 | ||
| 008 | 180301b xxu||||| |||| 00| 0 eng d | ||
| 020 | _a84-494-1191-2 | ||
| 040 | _cCO-MdBIC | ||
| 082 | 0 | 4 | _a036 Oc2ne |
| 245 | 1 | 0 | _aEnciclopedia del estudiante |
| 260 | _aBarcelona : Oceano grupo editorial S.A | ||
| 300 | _a[537 P.] | ||
| 500 | _aIncluye índice de vocabulario y general | ||
| 650 | 1 | 4 | _aEnciclopedias |
| 942 | _cLGB | ||